000
00307nam a2200109Ia 4500
008
200302s9999 xx 000 0 und d
100
_a
Council of Architecture
245
_a
Archiving 09 Archiectural Thesis
260
_b
National Instiute for Advanced studies in Architecture
260
_c
2010
300
_a
158
999
_c
3409
_d
3409